000 00582nam a2200205Ia 4500
005 20250508163215.0
008 008 250505s9999 xx 000 0 eng d
037 _aTextual
040 _aFEDL
_beng
_cFEDL
041 _aeng
_2eng
084 _a100, KOR
_qFEDL
100 _aKorner Stephan
245 0 _aFundamental questions of philosophy: One philosopher's answers
245 0 _cAllen Lane The Penguin Press
260 _aLondon, UK
_bPenguin Books
_c1969
300 _a289p.
650 _aPhilosophy
942 _cTEXL
_h100, KOR
999 _c1381508
_d1381508